=LDR 00000nam 2200000 4500 =001 INLIS000000000047106 =005 20150811132326.0 =006 =007 =008 =035 ##$$0010-081500000000020 =082 ##$$a 158.1-Tra-p =100 ##$$a Brian Traci =245 ##$$a Paradigma sukses =260 ##$$a Jakarta $b Mitra Midya $c 2007 =300 ##$$a 165 Hlm $c 20 Cm =850 ##$$aNBPNMAT =990 ##$$a 2090101352/BPAP-NTB/2015